Largest African Countries - Statistics

General Stats
  • This quiz has been taken 655 times
  • The average score is 9 of 10
Answer Stats
Sq km Country % Correct
2,381,741 Algeria
96%
1,861,484 Sudan
93%
1,221.037 South Africa
92%
2,344,858 Congo
90%
1,284,000 Chad
88%
1,759,540 Libya
87%
1,267,000 Niger
87%
1,240,192 Mali
84%
1,104,300 Ethiopia
77%
1,246,700 Angola
73%
No matching quizzes found
Score Distribution
Percent of People with Each Score
Percentile by Number Answered
Your Score History
You have not taken this quiz